On the road /

Đã lưu trong:
Chi tiết về thư mục
Tác giả chính: Santaolalla, Gustavo (Nhà soạn nhạc)
Tác giả khác: Sturridge, Tom (Diễn viên), Stewart, Kristen (Diễn viên), Gautier, Eric (Nhiếp ảnh gia), Morgan, Danny (Diễn viên), Mortensen, Viggo, (1958-) (Diễn viên), Moss, Elizabeth (Diễn viên), Rivera, José Eustasio (Người viết kịch bản), Adams, Amy (Diễn viên), Glicker, Danny, Braga, Alice (Diễn viên), Riley, Sam (Diễn viên), Hedlund, Garrett (Diễn viên), Salles, Walter, (1956- ) (Giám đốc), Dunst, Kirsten (Diễn viên)
Định dạng: Slide
Ngôn ngữ:Tiếng Italy
Tiếng Anh
Được phát hành: Milano : Warner Home Video Italia [distributore], 2013
Phiên bản:Versione integrale presentata al Festival di Cannes 2012
Các nhãn: Thêm thẻ
Không có thẻ, Là người đầu tiên thẻ bản ghi này!

MARC

LEADER 00000ngm a22000007i 4500
001 IT\ICCU\MOD\1612961
003 ItRI
005 20260124182856.0
008 130311s2013 it |||||||||||||||k|||||c
024 3 1 |a 5051891086302 
028 4 2 |a 1000379842 
028 4 2 |a 13PD0007 
040 |b ita 
041 7 |a ita  |a eng  |2 ISO-639-2 
082 |a 791.43  |9 CINEMA  |2 14 
130 0 |a On the road <film ; 2012>  |3 IT\ICCU\MOD\1612965 
245 0 0 |a On the road /  |c regia di Walter Salles ; sceneggiatura di José Rivera ; dal romanzo di Jack Kerouac ; direttore della fotografia Eric Gautier ; musiche Gustavo Santaolalla ; costumi Danny Glicker. 
250 |a Versione integrale presentata al Festival di Cannes 2012 
260 |a Milano :  |b Warner Home Video Italia [distributore],  |c 2013 
300 |a 1 DVD-Video (ca. 135 min.) :  |b color., sonoro , in contenitore, 19x14x2cm 
500 |a Caratteristiche tecniche: regione 2; 16:9, 2.35:1 adatto a ogni tipo di tv; Dolby digital 5.1 
500 |a Lingue: italiano, inglese; sottotitoli: italiano per non udenti 
500 |a Titolo del contenitore 
500 |a Interpreti: Garrett Hedlund, Sam Riley, Kristen Stewart, Amy Adams, Tom Sturridge, Alice Braga, Elizabeth Moss, Kirsten Dunst, Viggo Mortensen 
500 |a Produzione cinematografica: USA, 2012 
500 |a Formato a doppio strato 
500 |a Contenuti extra: scene tagliate, trailer. 
700 1 |a Kerouac, Jack  |0 IT\ICCU\CFIV\003274  |4 ant 
700 1 |a Sturridge, Tom  |0 IT\ICCU\DDSV\333863  |4 act 
700 1 |a Stewart, Kristen  |0 IT\ICCU\LO1V\269433  |4 act 
700 1 |a Gautier, Eric  |0 IT\ICCU\LO1V\301521  |4 pht 
700 1 |a Morgan, Danny  |0 IT\ICCU\LO1V\481281  |4 act 
700 1 |a Mortensen, Viggo,  |d  (1958-)  |0 IT\ICCU\MILV\233230  |4 act 
700 1 |a Santaolalla, Gustavo  |0 IT\ICCU\MODV\263965  |4 cmp 
700 1 |a Moss, Elizabeth  |0 IT\ICCU\PUVV\346049  |4 act 
700 1 |a Rivera, José Eustasio  |0 IT\ICCU\RAVV\011403  |4 sce 
700 1 |a Adams, Amy  |0 IT\ICCU\RAVV\370133  |4 act 
700 1 |a Glicker, Danny  |0 IT\ICCU\RAVV\539358 
700 1 |a Braga, Alice  |0 IT\ICCU\RAVV\585427  |4 act 
700 1 |a Riley, Sam  |0 IT\ICCU\RAVV\613600  |4 act 
700 1 |a Hedlund, Garrett  |0 IT\ICCU\TO0V\596404  |4 act 
700 1 |a Salles, Walter,  |d  (1956- )  |0 IT\ICCU\TSAV\254751  |4 drt 
700 1 |a Dunst, Kirsten  |0 IT\ICCU\UBOV\487083  |4 act 
790 1 |a Kerouac, John  |3 IT\ICCU\NAPV\078274  |z Kerouac, Jack 
790 1 |a Mortensen, Viggo  |c  (attore)  |3 IT\ICCU\UBOV\271493  |z Mortensen, Viggo (1958-) 
942 |2 ddc  |c VM  |n 0 
952 |0 0  |1 0  |4 0  |6 VO_2120_000000000000000  |7 0  |9 27382  |a BO  |b BO  |d 2026-01-24  |i 17343  |l 0  |o VO 2120  |p BO17343  |r 2026-01-24 18:28:56  |w 2026-01-24  |x [Sebina 5] [1 dvd]  |y VM  |z 1 dvd 
999 |c 23194  |d 23194